[Event "Prvenstvo SSFBiH 2015"]
[Site "Lukavac"]
[Date "2016.04.01"]
[Round "3.8"]
[White "Rosic, Slavko S"]
[Black "Sinanovic, Ermin"]
[Result "1/2-1/2"]
[WhiteElo "2230"]
[BlackElo "2118"]
[PlyCount "80"]
[EventDate "2016.03.31"]

1. e4 c5 2. Nf3 d6 3. c3 Nf6 4. Be2 Nc6 5. d3 e5 6. O-O Be7 7. a4 O-O 8. Bg5 d5
9. Nbd2 Be6 10. Ne1 h6 11. Bxf6 Bxf6 12. Bg4 Qd7 13. Bxe6 fxe6 14. Qg4 Rad8 15.
g3 Qf7 16. Ng2 d4 17. c4 Nb4 18. Qe2 g5 19. f4 gxf4 20. gxf4 exf4 21. Rxf4 Qe7
22. Nf3 Bg5 23. Rg4 Kh7 24. Nxg5+ hxg5 25. Qd2 Rg8 26. Rg3 Rdf8 27. Rf1 Rxf1+
28. Kxf1 Qf7+ 29. Kg1 Qh5 30. Ne1 Nc6 31. Qg2 g4 32. Qf2 Qh6 33. h3 Ne5 34.
hxg4 Rxg4 35. Rxg4 Nxg4 36. Qf7+ Kh8 37. Qe8+ Kg7 38. Qe7+ Kg8 39. Qe8+ Kg7 40.
Qe7+ Kg8 1/2-1/2

[Event "Prvenstvo SSFBiH 2015"]
[Site "Lukavac"]
[Date "2016.04.01"]
[Round "3.9"]
[White "Mrndjic, Muamer"]
[Black "Zenelaj, Fisnik"]
[Result "1-0"]
[WhiteElo "2261"]
[BlackElo "1942"]
[PlyCount "57"]
[EventDate "2016.03.31"]

1. d4 d5 2. c4 c6 3. Nc3 Nf6 4. Nf3 Bf5 5. cxd5 Nxd5 6. g3 e6 7. Bg2 Bd6 8. O-O
O-O 9. Nh4 Bg6 10. e4 Nxc3 11. bxc3 Be7 12. Nxg6 hxg6 13. Rb1 Qc8 14. Qb3 b6
15. e5 Nd7 16. c4 Rb8 17. f4 Rd8 18. Qf3 c5 19. d5 exd5 20. cxd5 Rf8 21. d6 Bd8
22. Qc6 c4 23. Qxc8 Rxc8 24. Bh3 b5 25. Bxd7 Bb6+ 26. Kg2 Rc5 27. Rxb5 Rxb5 28.
Bxb5 c3 29. Rf3 1-0

[Event "Prvenstvo SSFBiH 2015"]
[Site "Lukavac"]
[Date "2016.04.01"]
[Round "3.10"]
[White "Sabic, Muris"]
[Black "Budimir, Boris"]
[Result "0-1"]
[WhiteElo "1983"]
[BlackElo "2249"]
[PlyCount "78"]
[EventDate "2016.03.31"]

1. e4 c5 2. Nf3 Nc6 3. Bb5 g6 4. O-O Bg7 5. c3 e5 6. Re1 Nge7 7. d3 O-O 8. Nbd2
a6 9. Ba4 d6 10. Nf1 Bd7 11. Ne3 Qe8 12. Bb3 b5 13. Nd5 Nxd5 14. Bxd5 Rb8 15.
Be3 Qc8 16. Qc1 Bg4 17. Nd2 Ne7 18. Bb3 Be6 19. Bc2 d5 20. Nf1 d4 21. Bh6 c4
22. Bxg7 Kxg7 23. cxd4 exd4 24. a4 Qc5 25. axb5 axb5 26. Qb1 Nc6 27. Ng3 Rfc8
28. f4 Nb4 29. e5 cxd3 30. Bxd3 Bc4 31. Bxc4 d3+ 32. Kh1 Qxc4 33. Re4 Qc5 34.
Qd1 Nc2 35. Rc1 Ne3 36. Rxc5 Nxd1 37. Rxc8 Rxc8 38. Re1 d2 39. Re2 Nf2+ 0-1

[Event "Prvenstvo SSFBiH 2015"]
[Site "Lukavac"]
[Date "2016.04.01"]
[Round "3.11"]
[White "Atlic, Mirza"]
[Black "Bajramovic, Halid"]
[Result "1/2-1/2"]
[WhiteElo "1960"]
[BlackElo "2163"]
[PlyCount "171"]
[EventDate "2016.03.31"]

1. d4 d5 2. c4 c6 3. e3 Nf6 4. Nc3 e6 5. Nf3 Bd6 6. Bd3 Nbd7 7. O-O O-O 8. e4
dxe4 9. Nxe4 Nxe4 10. Bxe4 h6 11. b3 Re8 12. Bb2 Qc7 13. h3 b6 14. Re1 Bb7 15.
Ne5 Nf6 16. Bf3 Rad8 17. Qe2 c5 18. Bxb7 Qxb7 19. dxc5 Bxc5 20. Rad1 a5 21. Nf3
Bb4 22. Bxf6 gxf6 23. Rxd8 Rxd8 24. Rd1 Ra8 25. Qb2 Qe7 26. Qc1 Kg7 27. Rd4 f5
28. Qd1 Bc3 29. Rd3 Bf6 30. Rd7 Qa3 31. Qe2 Re8 32. Ne5 Qc1+ 33. Rd1 Qf4 34.
Nd3 Qd6 35. Ne1 Qa3 36. g3 a4 37. Qc2 axb3 38. axb3 Ra8 39. Kf1 Qe7 40. Ng2 Ra3
41. Nf4 Kg8 42. Re1 Qb7 43. h4 Qf3 44. Rb1 Bd4 45. Nd3 e5 46. Ne1 Qh1+ 47. Ke2
e4 48. Qd2 Bg7 49. Qc2 Kh7 50. Rd1 h5 51. c5 bxc5 52. Qxc5 Ra2+ 53. Rd2 Rxd2+
54. Kxd2 Kg6 55. Qd6+ f6 56. b4 Qf1 57. Qc5 Bh6+ 58. Kd1 e3 59. fxe3 Qf2 60.
Nc2 Qxg3 61. b5 f4 62. Qd5 f3 63. Qe4+ Kg7 64. Qe7+ Kg8 65. Qxf6 Qg1+ 66. Kd2
Qf2+ 67. Kd1 Qe2+ 68. Kc1 f2 69. Qg6+ Bg7 70. Qe8+ Bf8 71. Qe6+ Kg7 72. Qe5+
Kf7 73. Qf5+ Ke7 74. Qe5+ Kd7 75. Qd5+ Bd6 76. Qc6+ Ke7 77. Qe4+ Kf6 78. Qd4+
Be5 79. Qd8+ Kf5 80. Qd7+ Kf6 81. Qd8+ Ke6 82. Qc8+ Ke7 83. Qb7+ Kd8 84. Qd5+
Kc8 85. Qe6+ Kd8 86. Qd5+ 1/2-1/2

[Event "Prvenstvo SSFBiH 2015"]
[Site "Lukavac"]
[Date "2016.04.01"]
[Round "3.12"]
[White "Nezirovic, Ozren"]
[Black "Harcin, Amer"]
[Result "1/2-1/2"]
[WhiteElo "2082"]
[BlackElo "1953"]
[PlyCount "75"]
[EventDate "2016.03.31"]

1. e4 c6 2. d4 d5 3. e5 Bf5 4. Nf3 e6 5. Be2 c5 6. c4 dxc4 7. Bxc4 Ne7 8. Nc3
Nbc6 9. d5 exd5 10. Nxd5 Be6 11. Ne3 Qxd1+ 12. Kxd1 O-O-O+ 13. Ke2 Nd4+ 14.
Nxd4 cxd4 15. Bxe6+ fxe6 16. Nc4 Nc6 17. Bg5 Rd5 18. Rac1 Kb8 19. Rhd1 Bc5 20.
Ne3 d3+ 21. Rxd3 Bxe3 22. Rxe3 h6 23. Bf4 g5 24. Bg3 Rhd8 25. Kf1 Rd2 26. Re2
Rd1+ 27. Rxd1 Rxd1+ 28. Re1 Rd2 29. Rb1 Nb4 30. Ke1 Rd5 31. a3 Nc2+ 32. Ke2
Nd4+ 33. Ke1 h5 34. h3 Nc2+ 35. Ke2 Nd4+ 36. Ke1 Nc2+ 37. Ke2 Nd4+ 38. Ke1
1/2-1/2

[Event "Prvenstvo SSFBiH 2015"]
[Site "Lukavac"]
[Date "2016.04.01"]
[Round "3.13"]
[White "Coric, Ahmed"]
[Black "Cabric, Izet"]
[Result "0-1"]
[WhiteElo "2079"]
[BlackElo "1934"]
[PlyCount "82"]
[EventDate "2016.03.31"]

1. e4 d6 2. d4 Nf6 3. Nc3 g6 4. Be2 Bg7 5. h4 h5 6. Be3 c6 7. Qd2 Qa5 8. a3 b5
9. f3 Qc7 10. Nh3 Nbd7 11. O-O Rb8 12. Ng5 Nb6 13. b3 a6 14. Rab1 O-O 15. Na2
c5 16. c3 Ne8 17. f4 f6 18. Nf3 e6 19. Bd3 c4 20. bxc4 Nxc4 21. Bxc4 Qxc4 22.
Rb4 Qc7 23. Qd3 Bd7 24. Rc1 e5 25. c4 Qd8 26. cxb5 axb5 27. Nc3 Nc7 28. Rcb1
Ra8 29. R4b3 Qe7 30. fxe5 dxe5 31. d5 Qd6 32. a4 f5 33. Nxb5 Nxb5 34. axb5 fxe4
35. Qxe4 Bf5 36. Qc4 Rfc8 37. Qf1 Bxb1 38. Qxb1 Qxd5 39. b6 Rab8 40. Ng5 e4 41.
Qxe4 Qxb3 0-1

[Event "Prvenstvo SSFBiH 2015"]
[Site "Lukavac"]
[Date "2016.04.01"]
[Round "3.14"]
[White "Hadziselimovic, Bernardina"]
[Black "Salkic, Midhat"]
[Result "0-1"]
[WhiteElo "1947"]
[BlackElo "2028"]
[PlyCount "160"]
[EventDate "2016.03.31"]

1. e4 c5 2. Nc3 e6 3. f4 Nc6 4. Nf3 g6 5. g3 d6 6. Bg2 Bg7 7. O-O Nge7 8. d3
O-O 9. Be3 Nd4 10. Qd2 Rb8 11. Nd1 b5 12. c3 Nxf3+ 13. Bxf3 b4 14. d4 Ba6 15.
Re1 cxd4 16. cxd4 d5 17. e5 Qb6 18. b3 Rfc8 19. Nb2 Nf5 20. Bf2 Bf8 21. Na4 Qa5
22. g4 Ng7 23. Rec1 Ne8 24. Nc5 Bxc5 25. Rxc5 Rxc5 26. dxc5 Nc7 27. f5 Qb5 28.
f6 Qd3 29. Qh6 Ne8 30. Bg2 Qc3 31. Re1 Rc8 32. Qc1 Qxc1 33. Rxc1 Be2 34. h3 Nc7
35. Bf1 Bxf1 36. Kxf1 Nb5 37. Rc2 Rc6 38. Ke2 a5 39. Kd3 Kf8 40. Be3 Ke8 41. h4
Kd7 42. h5 Rc7 43. hxg6 hxg6 44. Rh2 Kc6 45. Rh8 Rd7 46. Rc8+ Rc7 47. Ra8 Ra7
48. Re8 Rd7 49. Bd4 Rc7 50. Rh8 Rd7 51. Rh2 Rc7 52. Be3 d4 53. Bh6 Kxc5 54.
Bf8+ Kd5 55. Be7 Kxe5 56. Rh7 Nd6 57. Bxd6+ Kxd6 58. Kxd4 e5+ 59. Ke4 Ke6 60.
g5 Rd7 61. Rh2 Rd4+ 62. Ke3 Rg4 63. Rc2 Rxg5 64. Rc5 Kxf6 65. Rxa5 Rg4 66. Ra7
Ke6 67. Kf3 Rd4 68. Ke3 f6 69. a4 bxa3 70. Rxa3 Rb4 71. Kd3 g5 72. Kc3 Rb6 73.
b4 g4 74. Kc4 Kf5 75. Kc5 Rb8 76. b5 Kf4 77. b6 g3 78. Ra2 e4 79. Ra7 g2 80.
Rg7 Kf3 0-1

[Event "Prvenstvo SSFBiH 2015"]
[Site "Lukavac"]
[Date "2016.04.01"]
[Round "3.15"]
[White "Mahmutbegovic, Muharem"]
[Black "Lapo, Safet"]
[Result "1-0"]
[WhiteElo "2024"]
[BlackElo "1821"]
[PlyCount "105"]
[EventDate "2016.03.31"]

1. e4 c6 2. d4 d5 3. Nc3 dxe4 4. Nxe4 Nf6 5. Nxf6+ gxf6 6. Bf4 Bf5 7. Nf3 e6 8.
Bd3 Bg6 9. Qd2 Bd6 10. Bh6 Nd7 11. h4 Qc7 12. h5 Bxd3 13. Qxd3 Bf8 14. Bxf8
Nxf8 15. O-O-O O-O-O 16. Qe4 Nd7 17. Rd3 Rdg8 18. g3 Rg7 19. Ra3 Kb8 20. Qe3 h6
21. d5 exd5 22. Qxa7+ Kc8 23. Re1 Qb6 24. Qa8+ Nb8 25. Re7 Rg4 26. c3 Re4 27.
Rxf7 Rhe8 28. Qa7 Qxa7 29. Rxa7 Nd7 30. Nd4 Kb8 31. Nxc6+ bxc6 32. Raxd7 Re1+
33. Kd2 R1e2+ 34. Kd3 Rxb2 35. Rxf6 Rxa2 36. Rh7 c5 37. Rhxh6 Ree2 38. Rh8+ Kc7
39. Rh7+ Kd8 40. Rf8+ Re8 41. Rxe8+ Kxe8 42. h6 Rxf2 43. Rg7 Kf8 44. Rg6 Kf7
45. Rg7+ Kf8 46. Rc7 Rf3+ 47. Ke2 Rxg3 48. Rc8+ Kf7 49. h7 Rg2+ 50. Kf3 Rh2 51.
h8=Q Rxh8 52. Rxh8 Ke6 53. Rh5 1-0

[Event "Prvenstvo SSFBiH 2015"]
[Site "Lukavac"]
[Date "2016.04.01"]
[Round "3.17"]
[White "Nukic, Farik"]
[Black "Dugonjic, Dragan"]
[Result "0-1"]
[WhiteElo "1762"]
[BlackElo "2079"]
[PlyCount "64"]
[EventDate "2016.03.31"]

1. d4 Nf6 2. Nf3 g6 3. c4 Bg7 4. Nc3 O-O 5. e4 d6 6. Be2 Nc6 7. O-O e5 8. d5
Ne7 9. b4 a5 10. Ba3 Ne8 11. Re1 h6 12. c5 axb4 13. Bxb4 f5 14. Nd2 fxe4 15.
Ndxe4 Nf5 16. Bf1 Rf7 17. cxd6 Nexd6 18. Rc1 Nxe4 19. Nxe4 Nd6 20. Bxd6 cxd6
21. Qb3 Bf8 22. Rc3 Bf5 23. Bd3 Qa5 24. a3 Rc7 25. Rec1 Rac8 26. Rxc7 Rxc7 27.
Nf6+ Kf7 28. Rxc7+ Qxc7 29. Nh7 Bxd3 30. Qxd3 Qc1+ 31. Qf1 Qxf1+ 32. Kxf1 Be7
0-1

[Event "Prvenstvo SSFBiH 2015"]
[Site "Lukavac"]
[Date "2016.04.01"]
[Round "3.18"]
[White "Abdic, Husnija"]
[Black "Mesic, Vehid"]
[Result "0-1"]
[WhiteElo "1757"]
[BlackElo "1999"]
[PlyCount "80"]
[EventDate "2016.03.31"]

1. d4 Nf6 2. Nf3 g6 3. c4 Bg7 4. Nc3 O-O 5. g3 d6 6. Bg2 Nbd7 7. O-O e5 8. d5
a5 9. e4 Nc5 10. Qc2 Nh5 11. Bg5 f6 12. Be3 b6 13. Nh4 Bg4 14. f3 Bd7 15. Nb5
f5 16. Bf2 Bf6 17. Kh1 f4 18. g4 Ng7 19. a3 Bxb5 20. cxb5 a4 21. Qd1 Bxh4 22.
Bxc5 dxc5 23. b3 axb3 24. Qxb3 Qd6 25. Qc4 Kf7 26. Bh3 Bg5 27. a4 Ra5 28. Bg2
Ne8 29. Rfd1 Bh4 30. Kg1 Kg7 31. Kf1 Qe7 32. Ke2 Nd6 33. Qd3 Rfa8 34. Qc2 Nxb5
35. Qc4 Nd6 36. Qc3 Rxa4 37. Rxa4 Rxa4 38. Ra1 Nb5 39. Qb2 Nd4+ 40. Kd3 Qd7 0-1

[Event "Prvenstvo SSFBiH 2015"]
[Site "Lukavac"]
[Date "2016.04.01"]
[Round "3.19"]
[White "Cosovic, Aziz"]
[Black "Softic, Kasim"]
[Result "1-0"]
[WhiteElo "1995"]
[BlackElo "1886"]
[PlyCount "62"]
[EventDate "2016.03.31"]

1. e4 e5 2. Nf3 Nc6 3. c3 Be7 4. Bb5 d6 5. d4 exd4 6. cxd4 Bd7 7. Nc3 Nf6 8.
O-O O-O 9. a3 Bg4 10. Be3 Re8 11. h3 Bd7 12. Bd3 Qc8 13. Kh2 Nd8 14. Rc1 a6 15.
Qc2 h6 16. e5 Nh5 17. g4 Bxg4 18. hxg4 Qxg4 19. Bh7+ Kh8 20. Qf5 Qxf5 21. Bxf5
g5 22. Nd5 Ng7 23. Bd7 Bf8 24. Bxe8 Nxe8 25. Nxc7 Nxc7 26. Rxc7 dxe5 27. dxe5
f6 28. Rd1 g4 29. Nh4 fxe5 30. Ng6+ Kg8 31. Nxf8 Kxf8 1-0

[Event "Prvenstvo SSFBiH 2015"]
[Site "Lukavac"]
[Date "2016.04.01"]
[Round "3.20"]
[White "Zenelaj, Samuel"]
[Black "Ruznic, Ramiz"]
[Result "0-1"]
[WhiteElo "1691"]
[BlackElo "1980"]
[PlyCount "98"]
[EventDate "2016.03.31"]

1. e4 e6 2. d4 d5 3. exd5 exd5 4. Nf3 Nf6 5. Bd3 Bg4 6. h3 Bh5 7. Bg5 Be7 8.
Nbd2 Nbd7 9. c3 c6 10. Qc2 Bg6 11. O-O-O O-O 12. Bxg6 hxg6 13. Rde1 Re8 14. Re2
Qc7 15. Rhe1 Kf8 16. Ne5 Ng8 17. Ndf3 Nxe5 18. dxe5 Nh6 19. e6 Bxg5+ 20. Nxg5
Qf4+ 21. Qd2 Qxd2+ 22. Kxd2 f6 23. Nf3 Nf5 24. g4 Nd6 25. Kd3 Kg8 26. Nd2 Re7
27. c4 dxc4+ 28. Nxc4 Rd8 29. f4 Nb5+ 30. Kc2 Nd4+ 31. Kc3 Nxe2+ 32. Rxe2 Rd5
33. Re4 Kf8 34. Ne3 Rc5+ 35. Kb4 Rb5+ 36. Kc3 Rc5+ 37. Kb4 b6 38. f5 a5+ 39.
Kb3 g5 40. a4 g6 41. Ka3 b5 42. b4 Rc3+ 43. Kb2 axb4 44. fxg6 Rxe3 45. Rxe3
bxa4 46. Re4 c5 47. Rc4 Rc7 48. e7+ Kxe7 49. g7 Kf7 0-1

[Event "Prvenstvo SSFBiH 2015"]
[Site "Lukavac"]
[Date "2016.04.01"]
[Round "3.21"]
[White "Hankic, Ramiz"]
[Black "Mujcinovic, Muharem"]
[Result "1/2-1/2"]
[WhiteElo "1602"]
[BlackElo "1783"]
[PlyCount "32"]
[EventDate "2016.03.31"]

1. Nf3 d5 2. d4 Nc6 3. g3 h6 4. Bg2 Nf6 5. Nc3 e6 6. O-O a5 7. a4 Be7 8. Bf4
O-O 9. Re1 Nh5 10. Qd2 Nb4 11. Rad1 Nxf4 12. gxf4 c5 13. Nb5 Nc6 14. dxc5 Bxc5
15. c3 Bd7 16. e3 Ne7 1/2-1/2

[Event "Prvenstvo SSFBiH 2015"]
[Site "Lukavac"]
[Date "2016.04.01"]
[Round "3.22"]
[White "Mesic, Ismet"]
[Black "Mutapcic, Nijaz"]
[Result "0-1"]
[WhiteElo "1353"]
[BlackElo "1753"]
[PlyCount "162"]
[EventDate "2016.03.31"]

1. d4 d6 2. c4 a6 3. Nc3 Nf6 4. e3 h5 5. h3 g5 6. Bd3 Bg7 7. Nf3 g4 8. hxg4
hxg4 9. Rxh8+ Bxh8 10. Nd2 e5 11. dxe5 dxe5 12. Nde4 Nxe4 13. Bxe4 Qe7 14. Nd5
Qc5 15. Qc2 Nd7 16. Bd2 Nb6 17. Nxb6 Qxb6 18. O-O-O c6 19. Bc3 Be6 20. Bd3
O-O-O 21. Bf5 c5 22. Bxe6+ Qxe6 23. Rxd8+ Kxd8 24. Qe4 Kc7 25. f4 f5 26. Qc2
Bf6 27. g3 exf4 28. exf4 Qe3+ 29. Qd2 Qg1+ 30. Qe1 Qxe1+ 31. Bxe1 Bd4 32. b3 b5
33. cxb5 axb5 34. Kd2 Kc6 35. Ke2 Kd5 36. Kd3 c4+ 37. bxc4+ bxc4+ 38. Kc2 Ke4
39. a4 Kf3 40. a5 Ke2 41. Bc3 Bf2 42. a6 Ba7 43. Bd2 Kf2 44. Kc3 Kxg3 45. Kxc4
Kf3 46. Be1 Kxf4 47. Kb5 Ke3 48. Kc6 f4 49. Kb7 Bd4 50. Bc3 f3 51. Bxd4+ Kxd4
52. a7 f2 53. a8=Q f1=Q 54. Qa4+ Kd5 55. Qa5+ Kd4 56. Qb4+ Qc4 57. Qd2+ Qd3 58.
Qf2+ Qe3 59. Qb2+ Ke4 60. Qg2+ Qf3 61. Qc2+ Kf4+ 62. Kb6 Qe3+ 63. Kc7 g3 64.
Qc4+ Kf3 65. Qf1+ Qf2 66. Qd3+ Kg2 67. Qe4+ Kg1 68. Qb1+ Qf1 69. Qb6+ Kh2 70.
Qd6 Qc4+ 71. Kd7 Qg4+ 72. Kc7 Kh1 73. Qh6+ Kg1 74. Qb6+ Kh2 75. Qd6 Qg7+ 76.
Kc6 Qc3+ 77. Kd7 Qf3 78. Qh6+ Kg1 79. Qc1+ Qf1 80. Qc5+ Kh2 81. Qe5 Qf7+ 0-1

[Event "Prvenstvo SSFBiH 2015"]
[Site "Lukavac"]
[Date "2016.04.01"]
[Round "3.24"]
[White "Kustura, Hajrudin"]
[Black "Mikic, Ivana"]
[Result "1-0"]
[WhiteElo "1616"]
[BlackElo "1595"]
[PlyCount "87"]
[EventDate "2016.03.31"]

1. e4 e5 2. Nf3 Nc6 3. Bb5 a6 4. Ba4 Nf6 5. d3 b5 6. Bb3 d6 7. Ng5 d5 8. exd5
Nd4 9. c4 h6 10. Ne4 Nxe4 11. dxe4 Bc5 12. Qh5 Qf6 13. Be3 bxc4 14. Ba4+ Bd7
15. Bxd7+ Kxd7 16. Bxd4 Bxd4 17. Qe2 Qg5 18. O-O f5 19. Nc3 f4 20. Kh1 Qf6 21.
f3 Qb6 22. Qxc4 g5 23. Rac1 h5 24. Na4 Qd6 25. b4 g4 26. Nc5+ Ke7 27. Nb7 Qb6
28. Qxc7+ Qxc7 29. Rxc7+ Kf8 30. d6 Bb6 31. Rc6 Bd8 32. Rfc1 Kf7 33. Rc8 Rxc8
34. Rxc8 Ke6 35. Rxd8 Rxd8 36. Nxd8+ Kxd6 37. fxg4 hxg4 38. h4 gxh3 39. gxh3
Ke7 40. Nc6+ Kf6 41. Kg2 Ke6 42. Nb8 a5 43. bxa5 Kd6 44. h4 1-0

[Event "Prvenstvo SSFBiH 2015"]
[Site "Lukavac"]
[Date "2016.04.02"]
[Round "4.1"]
[White "Obad, Andrija"]
[Black "Buljubasic, Sabahudin"]
[Result "1/2-1/2"]
[WhiteElo "2238"]
[BlackElo "2342"]
[PlyCount "50"]
[EventDate "2016.03.31"]

1. e4 c5 2. Nf3 e6 3. d4 cxd4 4. Nxd4 Nc6 5. Nc3 Qc7 6. Be3 a6 7. Qf3 Ne5 8.
Qg3 h5 9. f3 h4 10. Qf2 b5 11. O-O-O Nf6 12. Nb3 Rb8 13. Ba7 Rb7 14. Bd4 d6 15.
f4 Ned7 16. a3 b4 17. axb4 Rxb4 18. Qe1 e5 19. Bf2 h3 20. g4 Bb7 21. Bd3 Nxg4
22. Bg3 Qb6 23. Na2 Ra4 24. Nc3 Rb4 25. Na2 Ra4 1/2-1/2

[Event "Prvenstvo SSFBiH 2015"]
[Site "Lukavac"]
[Date "2016.04.02"]
[Round "4.2"]
[White "Trkulja, Goran"]
[Black "Arnaut, Armin"]
[Result "1-0"]
[WhiteElo "2311"]
[BlackElo "2048"]
[PlyCount "93"]
[EventDate "2016.03.31"]

1. Nf3 Nf6 2. c4 g6 3. b3 Bg7 4. Bb2 O-O 5. g3 d6 6. d4 c6 7. Bg2 Bg4 8. Nbd2
Bxf3 9. Nxf3 Qa5+ 10. Nd2 Nbd7 11. O-O e5 12. dxe5 dxe5 13. Qc2 Rfe8 14. a3
Rad8 15. b4 Qc7 16. c5 Re7 17. Rfd1 Ne8 18. Nc4 Nf8 19. Rxd8 Qxd8 20. Rd1 Rd7
21. Rxd7 Nxd7 22. Bh3 f6 23. Qd3 f5 24. e4 Qe7 25. exf5 e4 26. Qb3 Bxb2 27.
Nxb2+ Kg7 28. fxg6 hxg6 29. Qe6 Qxe6 30. Bxe6 Ne5 31. Nc4 Nxc4 32. Bxc4 Kf6 33.
h4 g5 34. hxg5+ Kxg5 35. Be6 Nc7 36. Bc8 b6 37. cxb6 axb6 38. Bb7 c5 39. bxc5
bxc5 40. Bxe4 c4 41. a4 c3 42. Kf1 Na6 43. a5 Nc5 44. Bc2 Na6 45. Ke2 Nb4 46.
Be4 Kf6 47. Bb7 1-0

[Event "Prvenstvo SSFBiH 2015"]
[Site "Lukavac"]
[Date "2016.04.02"]
[Round "4.3"]
[White "Boric, Muhamed"]
[Black "Jakovljevic, Vlado"]
[Result "1/2-1/2"]
[WhiteElo "2394"]
[BlackElo "2403"]
[PlyCount "40"]
[EventDate "2016.03.31"]

1. Nf3 Nf6 2. g3 b6 3. Bg2 Bb7 4. O-O c5 5. d3 d5 6. e4 dxe4 7. Ng5 e6 8. Nc3
Nc6 9. Ncxe4 Nxe4 10. Bxe4 Qd7 11. f4 g6 12. Bd2 Bg7 13. Bc3 O-O 14. Qd2 Nd4
15. Qg2 Rab8 16. a4 a6 17. Kh1 Rfe8 18. Rfe1 Bd5 19. Nf3 Nxf3 20. Qxf3 Rbd8
1/2-1/2

[Event "Prvenstvo SSFBiH 2015"]
[Site "Lukavac"]
[Date "2016.04.02"]
[Round "4.4"]
[White "Sutkovic, Damir"]
[Black "Vajic, Goran"]
[Result "1/2-1/2"]
[WhiteElo "2304"]
[BlackElo "2306"]
[PlyCount "48"]
[EventDate "2016.03.31"]

1. d4 e6 2. Bf4 d5 3. e3 Bd6 4. Nc3 c6 5. Bxd6 Qxd6 6. Nf3 f5 7. Ne5 Nf6 8. Be2
O-O 9. O-O Nbd7 10. f4 a6 11. Bf3 b5 12. Ne2 a5 13. c3 Ba6 14. Rc1 Ne4 15. a3
a4 16. Bxe4 fxe4 17. Nxd7 Qxd7 18. Rf2 Qe7 19. Qd2 Bc8 20. Rcf1 Bd7 21. h3 Be8
22. g4 Bd7 23. Ng3 Rf7 24. Kg2 Raf8 1/2-1/2

[Event "Prvenstvo SSFBiH 2015"]
[Site "Lukavac"]
[Date "2016.04.02"]
[Round "4.5"]
[White "Sinanovic, Ermin"]
[Black "Mrndjic, Muamer"]
[Result "0-1"]
[WhiteElo "2118"]
[BlackElo "2261"]
[PlyCount "98"]
[EventDate "2016.03.31"]

1. e4 c5 2. Nf3 d6 3. d4 cxd4 4. Nxd4 Nf6 5. Nc3 a6 6. Be2 e6 7. O-O Be7 8. Be3
O-O 9. f4 Qc7 10. Bf3 Nc6 11. g4 Nxd4 12. Bxd4 e5 13. Be3 exf4 14. Bxf4 Be6 15.
Kh1 Rac8 16. Re1 Nd7 17. Nd5 Bxd5 18. exd5 Bf6 19. c3 Rfe8 20. Qd2 Be5 21. Bg5
Nb6 22. Re2 Nc4 23. Qc2 h6 24. Bd2 Bf6 25. Rae1 Rxe2 26. Rxe2 Ne5 27. Qf5 Bg5
28. Rxe5 dxe5 29. Bxg5 hxg5 30. d6 Qc4 31. Kg2 Rd8 32. Qxe5 Qf4 33. Qxf4 gxf4
34. Bxb7 Rxd6 35. h4 Rb6 36. Bd5 Rxb2+ 37. Kf3 Rc2 38. Kxf4 Rxc3 39. h5 Rh3 40.
Bb3 Kf8 41. Ke5 Ke7 42. Kf5 a5 43. Kg5 Rc3 44. Kh4 f6 45. g5 a4 46. Bg8 Rc8 47.
Bd5 fxg5+ 48. Kg4 Kf6 49. Be4 Rc4 0-1

[Event "Prvenstvo SSFBiH 2015"]
[Site "Lukavac"]
[Date "2016.04.02"]
[Round "4.6"]
[White "Budimir, Boris"]
[Black "Mahmutbegovic, Muharem"]
[Result "1-0"]
[WhiteElo "2249"]
[BlackElo "2024"]
[PlyCount "85"]
[EventDate "2016.03.31"]

1. e4 c5 2. Nf3 d6 3. c3 Nf6 4. Be2 g6 5. d4 cxd4 6. Qxd4 Nc6 7. Qd3 Bg7 8. O-O
O-O 9. h3 d5 10. exd5 Qxd5 11. Qe3 Qe4 12. Qxe4 Nxe4 13. Nbd2 Nxd2 14. Bxd2 b6
15. Bf4 Bb7 16. Rfe1 Rfd8 17. Bb5 e6 18. Bg5 Rd5 19. Bc4 Rc5 20. Bf1 Ne5 21.
Nxe5 Rxe5 22. Rxe5 Bxe5 23. Re1 Bc7 24. Rd1 Bc6 25. Bf6 Kf8 26. Rd4 Bd5 27. c4
Bc6 28. b4 a6 29. Be2 Ke8 30. f4 Bd8 31. Rxd8+ Rxd8 32. Bxd8 Kxd8 33. Kf2 Kd7
34. g4 Kd6 35. Ke3 e5 36. g5 a5 37. fxe5+ Kxe5 38. c5 axb4 39. cxb6 Bb7 40. Bc4
f5 41. gxf6 Kxf6 42. Kd4 g5 43. Bd5 1-0

[Event "Prvenstvo SSFBiH 2015"]
[Site "Lukavac"]
[Date "2016.04.02"]
[Round "4.7"]
[White "Trumic, Enes"]
[Black "Kasumovic, Muhidin"]
[Result "1-0"]
[WhiteElo "2232"]
[BlackElo "1989"]
[PlyCount "87"]
[EventDate "2016.03.31"]

1. d4 Nf6 2. c4 d5 3. Nc3 c6 4. Nf3 Bf5 5. Nh4 Bg4 6. h3 Bh5 7. cxd5 Nxd5 8. g4
e6 9. gxh5 Qxh4 10. e3 Bb4 11. Bd2 Nd7 12. Qg4 Be7 13. Qxg7 O-O-O 14. Qg4 Qf6
15. Ne4 Qh6 16. Nc3 N7f6 17. Qf3 Qxh5 18. Qxh5 Nxh5 19. O-O-O f5 20. Bd3 Nhf6
21. Rhg1 Rhg8 22. f3 h5 23. e4 Nb4 24. Bc4 Rxg1 25. Bxe6+ Kc7 26. Rxg1 fxe4 27.
fxe4 Rxd4 28. Be3 Rd6 29. Bf5 Nd3+ 30. Kc2 Nd7 31. Rg7 Bf8 32. Rh7 a5 33. Rxh5
Ne1+ 34. Kb1 Ng2 35. Bc1 Be7 36. Rh7 Kd8 37. Rg7 Nh4 38. Rg8+ Nf8 39. Bg4 Rg6
40. Rh8 Kc7 41. Bf4+ Kb6 42. Bg3 Nf3 43. Bf2+ c5 44. Nd5+ 1-0

[Event "Prvenstvo SSFBiH 2015"]
[Site "Lukavac"]
[Date "2016.04.02"]
[Round "4.8"]
[White "Pasalic, Adnan"]
[Black "Rosic, Slavko S"]
[Result "0-1"]
[WhiteElo "2064"]
[BlackElo "2230"]
[PlyCount "170"]
[EventDate "2016.03.31"]

1. d4 Nf6 2. c4 g6 3. Nc3 Bg7 4. Bg5 O-O 5. Nf3 d6 6. e3 Bf5 7. Be2 c6 8. O-O
Nbd7 9. Nh4 Ne4 10. Nxe4 Bxe4 11. f3 h6 12. Bf4 e5 13. Bg3 g5 14. fxe4 gxh4 15.
Be1 Qe7 16. Bg4 Nb6 17. Qd3 Rad8 18. Rf3 d5 19. cxd5 cxd5 20. Rh3 exd4 21. Bxh4
f6 22. exd5 Nxd5 23. exd4 Nf4 24. Qc4+ Kh8 25. Rb3 b6 26. Rd1 Qe4 27. Bf3 Nh3+
28. gxh3 Qxh4 29. Bg2 f5 30. Rg3 Rxd4 31. Rxd4 Qxd4+ 32. Qxd4 Bxd4+ 33. Kf1
Bxb2 34. h4 Rc8 35. Re3 Bf6 36. h5 Bg5 37. Re2 Kg7 38. Bd5 Rc5 39. Bb3 Rc3 40.
Kg2 Rc7 41. Re5 f4 42. Kf3 Kf6 43. Re8 Rc1 44. Kg4 Rh1 45. Re6+ Kg7 46. Re2 Rf1
47. Rc2 Kf6 48. Re2 f3 49. Re6+ Kg7 50. Kg3 Bf6 51. Re4 Kh7 52. Bc4 Rh1 53.
Kxf3 Rxh2 54. Kg4 Kg7 55. Be2 Rh4+ 56. Kf5 Rh2 57. Ke6 Rh3 58. a4 Bg5 59. Bg4
Rg3 60. Rc4 Re3+ 61. Kf5 Re7 62. Re4 Rc7 63. Ke6 Bf6 64. Kd6 Rc5 65. Be2 Rc2
66. Bg4 Bd8 67. Ke6 Rc5 68. Rd4 Bc7 69. Rd7+ Kg8 70. Kf6 a6 71. Be6+ Kf8 72.
Rf7+ Ke8 73. Re7+ Kd8 74. Rd7+ Ke8 75. Re7+ Kd8 76. Rd7+ Ke8 77. Re7+ Kd8 78.
Rd7+ Kc8 79. Rh7+ Kb7 80. Rxh6 Bd8+ 81. Kf7 Bg5 82. Rh8 Bd2 83. Bg4 Rc4 84.
Bf3+ Kc7 85. Re8 Rf4+ 0-1

[Event "Prvenstvo SSFBiH 2015"]
[Site "Lukavac"]
[Date "2016.04.02"]
[Round "4.9"]
[White "Cabric, Izet"]
[Black "Bucan, Eldin"]
[Result "1/2-1/2"]
[WhiteElo "1934"]
[BlackElo "2172"]
[PlyCount "106"]
[EventDate "2016.03.31"]

1. e4 e6 2. d4 d5 3. Nc3 Bb4 4. e5 c5 5. a3 Bxc3+ 6. bxc3 Qc7 7. Nf3 Ne7 8. Bd3
Nbc6 9. O-O Qa5 10. Bd2 c4 11. Be2 O-O 12. a4 Ng6 13. h3 Bd7 14. Qb1 Rab8 15.
Qb5 Qd8 16. Rfb1 Nxd4 17. cxd4 Bxb5 18. axb5 a6 19. Bb4 Re8 20. Bd6 Ra8 21. b6
f6 22. g3 Ne7 23. Bc7 Qd7 24. c3 Rec8 25. Bd6 Nf5 26. Bc5 Rc6 27. Bd1 Qf7 28.
Ba4 Rcc8 29. Re1 Rd8 30. Re2 h6 31. Kg2 Ne7 32. exf6 gxf6 33. Rae1 Nc6 34. Bxc6
bxc6 35. Rxe6 Rd7 36. Rxc6 Re8 37. Rxf6 Qxf6 38. Rxe8+ Kh7 39. Ne5 Rb7 40. Rf8
Qe6 41. f4 h5 42. f5 Qh6 43. Ng6 Qd2+ 44. Kf3 Qxc3+ 45. Kf4 Qd2+ 46. Ke5 Kg7
47. Nf4 Qe3+ 48. Kxd5 c3 49. Ne6+ Kh7 50. Kc6 Rxb6+ 51. Kxb6 c2 52. Rf7+ Kg8
53. Rf8+ Kh7 1/2-1/2

[Event "Prvenstvo SSFBiH 2015"]
[Site "Lukavac"]
[Date "2016.04.02"]
[Round "4.10"]
[White "Salkic, Midhat"]
[Black "Nurkic, Husein"]
[Result "0-1"]
[WhiteElo "2028"]
[BlackElo "2218"]
[PlyCount "58"]
[EventDate "2016.03.31"]

1. e4 c5 2. d4 cxd4 3. c3 dxc3 4. Nxc3 Nc6 5. Nf3 e6 6. Bc4 a6 7. O-O d6 8. Qe2
Be7 9. Rd1 Bd7 10. Bf4 e5 11. Bg3 Nf6 12. Bh4 Bg4 13. Qe3 O-O 14. Rd2 Bxf3 15.
gxf3 Nd4 16. Kh1 Rc8 17. Bb3 Nh5 18. Bxe7 Qxe7 19. Nd5 Qh4 20. Rg1 Rc5 21. Bd1
Kh8 22. f4 Nf6 23. fxe5 dxe5 24. Nc3 Ne6 25. Rd6 Rc4 26. Bb3 Rd4 27. Rb6 Nf4
28. Bc2 Ng4 29. Qg3 Nxf2+ 0-1